000 00752nas a2200277 4500
001 BR0804042
003 BR-BrBNA
005 20231205112350.0
007 ta
008 230509b bl.|||p| |||| 00| 00por d
040 _aBR-BrBNA
_bpor
_cBiblioteca Nacional de Agricultura
041 _a(Pt)
072 _aE71
100 1 _aVieira, L.
100 1 _aFerreira, G.C.
100 1 _aBarcellos, M.D. de
245 1 _aQualiagro: rastreabilidade bovina
650 _aCARNE
650 _aBOVINO
650 _aRASTREAMENTO
650 _aREGULAMENTAÇÃO
650 _aEXPORTAÇÃO
773 0 _tAgroanalysis (Brazil)
_xISSN 0100-4298
_g(Sep 2007), v. 27(9) p. 38-39
_wBR0804042
909 _a202311
_bLúcia
_c55
_dLúcia Elande
942 _2AGRIS
_n0
_cANA
999 _c197659
_d197659